Πολιτισμική παράδοση και εκπαίδευση : μορφωτική προσέγγιση ; εκπαιδευτικές εφαρμογές

Αποθηκεύτηκε σε:
Λεπτομέρειες βιβλιογραφικής εγγραφής
Κύριος συγγραφέας: Μπενέκος, Δημήτριος Σ.
Μορφή: Βιβλίο
Γλώσσα:Greek
Δημοσίευση: Αθήνα : Τυπωθήτω-Γιώργος Δαρδανός, c2006.
Θέματα:
Ετικέτες: Προσθήκη ετικέτας
Δεν υπάρχουν, Καταχωρήστε ετικέτα πρώτοι!

MARC

LEADER 00000cam a2200000 i 4500
001 1/12612
008 110328s2006 gr | ||| |||| ||gre||
020 |a 960402244X 
035 |l 10109851 
040 |a GR-MY-UA  |b gre  |e aacr 
041 0 |a gre 
082 7 |a 398.071   |2 (22) 
100 1 |a Μπενέκος, Δημήτριος Σ. 
245 1 0 |a Πολιτισμική παράδοση και εκπαίδευση :   |b μορφωτική προσέγγιση ; εκπαιδευτικές εφαρμογές /   |c Δημήτριος Σ. Μπενέκος.  
260 |a Αθήνα :   |b Τυπωθήτω-Γιώργος Δαρδανός,   |c c2006.  
300 |a 249 σ. :   |b εικ. ;   |c 21 εκ.  
504 |a Βιβλιογραφία : σ. 241-249.  
650 0 0 |a Folklore and education  |z Greece. 
650 0 0 |a Folklore and education. 
852 |a INST  |b RHODES  |e 20110328  |h 398.071 ΜΠΕ  |p 005400033029  |q 005400033029  |t BK  |y 0 
901 |a BIBL4-2011-1 
909 |a Ρ  |b 163496 
970 |z 2011/03